Villes de France en A (difficile) - Statistiques

Statistiques générales
  • Ce quiz a été pris 69 fois
  • Le résultat moyen est 6 sur 20
Statistiques - réponses
Indice Réponse % Correct
Sur les rives de la Somme. S'y trouve une belle collégiale gothique. Abbeville
66%
Beaucoup de frontaliers suisses y habitent. Annemasse
57%
Prénom d'un physicien de renom et d'un grand sage médiéval Albert
48%
Commune la plus peuplée de l'Ardèche Annonay
48%
Juste après la précédente Aubenas
48%
Ville du Bugey dont vient la famille Manaudou Ambérieu-en-Bugey
38%
Sous-préfecture de la Creuse Aubusson
36%
Ville de l'Orne, au nom proche des trois réponses précédentes Argentan
34%
Grande cité francilienne sur la Seine, massivement industrialisée au XIXe siècle et appréciée des impressionnistes. Argenteuil
30%
Sur la Creuse mais pas dans le département homonyme Argenton-sur-Creuse
28%
Même nom que la précédente, sur la Lys, à presque 1000 km. Aire-sur-la-Lys
21%
Si vous avez oublié cette ville mosellane, on peut vous donner un qualificatif qui commence comme elle. Amnéville
20%
Autre cité gasconne, moins proche des Pyrénées. Ses habitants sont les aturins. Aire-sur-l'Adour
18%
Ville de l'industrie automobile du Doubs. Audincourt
18%
Sur la Dordogne mais pas dans le département homonyme. Argentat-sur-Dordogne
15%
Banlieue de Clermont-Ferrand Aubière
15%
Juste à côté d'un circuit automobile connu mondialement Allonnes
11%
Sur la côte atlantique, entre Oléron et Ré. Aytré
11%
Sous-préfecture gasconne Argelès-Gazost
10%
Porte le nom du dernier séjour d'un légendaire roi breton. Avallon
10%
Aucun quiz correspondant
Distribution des résultats
% des personnes avec chaque résultat
Percentile par nombre de réponses
Votre historique - résultats
Vous n’avez pas pris ce quiz